| 000 | 00631nam a2200217 4500 | ||
|---|---|---|---|
| 003 | OSt | ||
| 005 | 20240727030441.0 | ||
| 006 | a | ||
| 008 | 240727b |||||||| |||| 00| 0 eng d | ||
| 020 | _a0763747939 | ||
| 040 |
_aDWCL-HMN lib. _cOC |
||
| 082 | _aCirc. 616.238 P729 2005 | ||
| 100 | _aPlottel, Claudia S. | ||
| 245 | _a100 questions & answers about asthma / | ||
| 260 |
_aSudbury, Mass. ; _bJones and Bartlett Pub. , _cc2005. |
||
| 300 |
_aviii, _b227 p. : ill. ; _c23 cm. |
||
| 504 | _aIncludes index. | ||
| 650 | _a1. Asthma-Popular works. | ||
| 650 | _a2. Asthma-Miscellanea. | ||
| 942 |
_2ddc _n0 _cBK-CIRC _kCirc. |
||
| 999 |
_c2861 _d2861 |
||